Every Song by Neutral Milk Hotel - Statistics

General Stats
  • This quiz has been taken 353 times
  • The average score is 21 of 38
Answer Stats
Album Song % Correct
In the Aeroplane Over the Sea(1998) In the Aeroplane Over the Sea
93%
In the Aeroplane Over the Sea(1998) The King of Carrot Flowers, Pt. One
92%
In the Aeroplane Over the Sea(1998) The King of Carrot Flowers, Pts. Two & Three
92%
In the Aeroplane Over the Sea(1998) Two-Headed Boy
90%
In the Aeroplane Over the Sea(1998) Two-Headed Boy, Pt. Two
90%
In the Aeroplane Over the Sea(1998) Holland, 1945
86%
In the Aeroplane Over the Sea(1998) Oh Comely
85%
In the Aeroplane Over the Sea(1998) Ghost
78%
In the Aeroplane Over the Sea(1998) Communist Daughter
76%
On Avery Island(1996) Song Against Sex
75%
In the Aeroplane Over the Sea(1998) The Fool
75%
In the Aeroplane Over the Sea(1998) Untitled
75%
On Avery Island(1996) Naomi
74%
On Avery Island(1996) Gardenhead / Leave Me Alone
65%
Everything Is(1993) Everything Is
63%
Ferris Wheel on Fire(2011) Ferris Wheel on Fire
60%
On Avery Island(1996) April 8th
54%
On Avery Island(1996) A Baby for Pree
53%
On Avery Island(1996) Avery Island / April 1st
50%
On Avery Island(1996) Pree-Sisters Swallowing a Donkey's Eye
47%
Ferris Wheel on Fire(2011) Oh Sister
44%
On Avery Island(1996) Three Peaches
44%
On Avery Island(1996) Where You'll Find Me Now
44%
On Avery Island(1996) You've Passed
44%
Ferris Wheel on Fire(2011) Engine
40%
Everything Is(1993) Snow Song Pt. One
39%
Non-Album(2011) Little Birds
38%
Ferris Wheel on Fire(2011) My Dream Girl Don't Exist
38%
Everything Is(1993) Aunt Eggma Blowtorch
36%
On Avery Island(1996) Marching Theme
36%
On Avery Island(1996) Someone Is Waiting
36%
Ferris Wheel on Fire(2011) Home
33%
Ferris Wheel on Fire(2011) I Will Bury You in Time
32%
Everything Is(1993) Ruby Bulbs
32%
Everything Is(1993) Tuesday Moon
32%
Everything Is(1993) Here We Are
25%
Everything Is(1993) Unborn
25%
Ferris Wheel on Fire(2011) Glow into You
18%
No matching quizzes found
Score Distribution
Percent of People with Each Score
Percentile by Number Answered
Your Score History
You have not taken this quiz